00884nam a2200217 i 450000100060000000300090000600500170001500700030003200800410003508000110007608000150008710000360010224500780013826000560021630000290027253000340030165000300033585200620036585601180042785601210054525079ES-MaACL20250709063211.0t|021220e1841 fr ||||1| fre d a792.05 a725.91:7921 aArago, Jacques,d1790-1855eaut10aPhysiologie des foyers de tous les théâtres de Paris / cpar J. Arago aParis : bchez les marchands de nouveautés,c1841 a144 páginas ; c16 cm. aDisponible en formato digital 4aTeatros-zParís-yS.XIX aES-MaACLcDEPOFhDonativo HaesjT-223-F-1 xEn lomo: Haes uhttps://archive.org/details/physiologiedesfo00araguoft/page/2/mode/2upyVersión en líneaz(Internet Archive)  uhttps://gallica.bnf.fr/ark:/12148/btv1b85302336yVersión en líneaz(Gallica. Bibliothèque nationale de France)